Normal view
MARC view
- Hassan, Muhammad
Entry Personal Name
001 - CONTROL NUMBER
- control field: 30359
003 - CONTROL NUMBER IDENTIFIER
- control field: NUST
005 - DATE AND TIME OF LATEST TRANSACTION
- control field: 20200921112519.0
008 - FIXED-LENGTH DATA ELEMENTS
- fixed length control field: 200921|| aca||aabn | a|a d
040 ## - CATALOGING SOURCE
- Original cataloging agency: NUST
- Transcribing agency: NUST
100 ## - HEADING--PERSONAL NAME
- Personal name: Hassan, Muhammad
670 ## - SOURCE DATA FOUND
- Source citation: Work cat.: (NUST): Hassan, Muhammad, Roof top Rain water Harvesting and Runoff Storage site Selection in Mountainous Area using GIS and Remote Sensing: , 2013.
